Kasalungat. (Record no. 114145)
[ view plain ]
| 000 -LEADER | |
|---|---|
| fixed length control field | 00238nam a2200109 a 4500 |
| 005 - DATE AND TIME OF LATEST TRANSACTION | |
| control field | 20140414132050.0 |
| 008 - FIXED-LENGTH DATA ELEMENTS--GENERAL INFORMATION | |
| fixed length control field | 110330s19uu xx 00 eng d |
| 050 ## - LIBRARY OF CONGRESS CALL NUMBER | |
| Classification number | P |
| Item number | KAS |
| 245 ## - TITLE STATEMENT | |
| Title | Kasalungat. |
| 650 ## - SUBJECT ADDED ENTRY--TOPICAL TERM | |
| Topical term or geographic name as entry element | Opposites |
| Withdrawn status | Lost status | Damaged status | Home library | Current library | Shelving location | Date acquired | Total Checkouts | Full call number | Barcode | Date last seen | Price effective from | Koha item type |
|---|---|---|---|---|---|---|---|---|---|---|---|---|
| Munich Library | Munich Library | KIT Section | 03/30/2011 | P KAS | M5853 | 04/14/2014 | 04/14/2014 | Kits |